UBT Library

Human resource management for the hospitality industry / (Record no. 44930)

000 -LEADER
fixed length control field 00597pam a2200217 a 4500
001 - CONTROL NUMBER
control field 2926332
005 - DATE AND TIME OF LATEST TRANSACTION
control field 20180313102010.0
008 - FIXED-LENGTH DATA ELEMENTS--GENERAL INFORMATION
fixed length control field 890803s1990 nyua b 001 0 eng
010 ## - LIBRARY OF CONGRESS CONTROL NUMBER
LC control number 89022497
020 ## - INTERNATIONAL STANDARD BOOK NUMBER
International Standard Book Number 0442318596
040 ## - CATALOGING SOURCE
Original cataloging agency DLC
Transcribing agency DLC
Modifying agency DLC
041 ## - LANGUAGE CODE
Language code of text/sound track or separate title eng
080 ## - UNIVERSAL DECIMAL CLASSIFICATION NUMBER
Universal Decimal Classification number 647.940683 DRU
082 00 - DEWEY DECIMAL CLASSIFICATION NUMBER
Classification number 647.940683 DRU
Edition number 20
100 1# - Rafti
Rafti 52
101 ## - Shkurtesa
Shkurtesa BNJ
245 10 - TITLE STATEMENT
Title Human resource management for the hospitality industry /
Statement of responsibility, etc Karen Eich Drummond.
504 ## - BIBLIOGRAPHY, ETC. NOTE
Bibliography, etc Includes bibliographical references.
906 ## - LOCAL DATA ELEMENT F, LDF (RLIN)
a 7
b cbc
c orignew
d 1
e ocip
f 19
g y-gencatlg
942 ## - ADDED ENTRY ELEMENTS (KOHA)
Source of classification or shelving scheme
Item type Books
Holdings
Withdrawn status Lost status Source of classification or shelving scheme Damaged status Not for loan Collection code Permanent location Current location Shelving location Date acquired Total Checkouts Full call number Barcode Date last seen Price effective from Koha item type
          Koleksioni i përgjithshem UBT - Lipjan UBT - Lipjan Koleksioni i përgjithshem 03/13/2018   647.940683 DRU 002-3002065 03/13/2018 03/13/2018 Books
UBT Library © 2015-2024. All rights reserved University Education for Business and Technology